000 00521nam a22001937a 4500
999 _c6439
_d6439
003 OSt
005 20200121123628.0
008 200121b ||||| |||| 00| 0 eng d
020 _a: 1857995082
040 _c040a
082 _a576.8
_bELD 1995
100 _4Eldredge, Niles
245 _aThe great evolutionary debate /
_cNiles Eldredge
260 _aLondon
_bOrion Books ltd
_c1995
300 _avii, 244p;
_c10 cm.
505 _aIncludes bibliography references and index
650 _2Debate
942 _2ddc
_cO_SHELF